Measure for measure

Bibliographic Details
Main Author: Shakespeare, William
Other Authors: Lever, J.W
Format: Book
Published: London : Routledge , 1992
Series:The Arden Shakespeare
Subjects:

MARC

LEADER 00000cam a2200000 7i4500
001 0000001694
002 000001845
005 20000330.0
020 |a 0415026970 
090 0 0 |a 822.33   |b SHA 
100 1 |a Shakespeare, William 
245 1 0 |a Measure for measure   |c William Shakespeare ; edited by J.W. Lever 
260 |a London :   |b Routledge ,   |c 1992 
300 |a 203 p. ;   |c 20 cm. 
490 0 |a The Arden Shakespeare 
650 0 0 |a Measure for measure   |x Drama 
700 1 |a Lever, J.W 
999 |a 034083   |b BUKU   |c PINJAMAN   |e PERPUSTAKAAN KOMUNITI PETALING JAYA